000 00824cam a22002292 4500
001 0000013119
005 20151217154416.0
008 090610s xx 000 0 eng d
020 _a0582227127 :
040 _aKABU
_cKABU
100 1 _aMcEldowney, John F.
_@0000170243
245 1 0 _aEnvironment and the law :
_ban introduction for environmental scientist and lawyers /
_cJohn F. McEldowney, Sharron McEldowney.
250 _a1st ed.
260 _aHarlow, England :
_bPrentice Hall,
_c1996.
300 _a xxii, 327 p.
650 0 _aEnvironmental law
_zGreat Britain.
_@0000170244
650 0 _aPollution
_xLaw and legislation
_zGreat Britain.
_@0000170245
700 1 _aMcEldowney, Sharron.
_@0000170246
852 1 _9p6760 KES
908 _a090610
950 _@1
999 _c11113
_d11113